Statistiken für TOP 10 Fußballvereine (Mitglieder)

Klicken Sie hier um das Quiz zu spielen!

Allgemein

  • Dieses Quiz wurde 108 mal gespielt
    (40 seit der letzten Aktualisierung)
  • Das Durchschnittsergebnis liegt bei 5 aus 10

Antwortstatistiken

MitgliederVerein% Korrekt
~ 316 000FC Bayern München
100%
~ 190 000Borussia Dortmund
85%
~ 178 000FC Schalke 04
74%
~ 100 000Hamburger SV
44%
~ 132 0001. FC Köln
37%
~ 130 000Eintracht Frankfurt
37%
~ 98 000Borussia Mönchengladbach
30%
~ 85 000VfB Stuttgart
30%
~ 62 0001. FC Union Berlin
15%
~ 63 000SC Freiburg
11%

Verteilung der Resultate

Perzentil nach korrekt beantworteten Fragen

Anzahl Personen mit jedem Resultat

Ihre Resultats-Entwicklung

Sie haben dieses Quiz seit der letzten Aktualisierung nicht gespielt